000 00277nam a22001337a 4500
008 221109b ||||| |||| 00| 0 eng d
041 _aeng
080 _a781
082 _a781 ARI
100 _a20.1
101 _aMUZIK
245 _aARISTOTLE
_cARISTOTLE
942 _2udc
_cBK
999 _c58830
_d58830